El Juez y la defensa de la democracia: Un enfoque a partir de los derechos humanos /

Gespeichert in:
Bibliographische Detailangaben
Körperschaften: Instituto de Derechos Humanos, Comisión de las Comunidades Europeas IIDH CE
Format: Text
Veröffentlicht: San José: IIDH
Tags: Tag hinzufügen
Keine Tags, Fügen Sie den ersten Tag hinzu!

MARC

LEADER 00000 a a2200000 04500
001 22857
003
040 |a CRAI/IIS  |c CRAI/IIS 
020 |a 9977-962-47-2  
090 |a 156800  
110 |a Instituto de Derechos Humanos  
245 |a El Juez y la defensa de la democracia: Un enfoque a partir de los derechos humanos /  |c Instituto de Derechos Humanos  
260 |a San José:   |b IIDH  
300 |a 548 p.  
710 |a Comisión de las Comunidades Europeas   |a IIDH   |a CE  
999 |c 17036  |d 17036